| 000 | 00456nam a2200133Ia 4500 | ||
|---|---|---|---|
| 005 | 20260328101503.0 | ||
| 008 | 260328s9999||||xx |||||||||||||| ||und|| | ||
| 100 | _aThe Aga Khan Award for Architecture | ||
| 245 | 0 |
_aArchitecture and Polyphony : _b Building in the Islamic World Today - The Aga Khan Award for Architecture / _cThe Aga Khan Award for Architecture |
|
| 260 | _bThames & Hudson | ||
| 300 | _a176 p. | ||
| 650 | _aARQUITECTURA CIVIL | ||
| 942 | _cBK | ||
| 999 |
_c8975 _d8975 |
||